zpět

Detail výsledku týmu

Music Bar Forea, Lanškroun

Datum a čas kvízu

28 Celkem bodů Celkový počet nahraných bodů na tomto kvízu bez doplňovacích otázek.
5. Pořadí na kvízu Konečné umístění týmu na tomto kvízu.

Zaznamenané odpovědi

# Otázka Odpověď Body Výsledky
1. Napište čtyři slova, jimiž něk... Společnost pro podporu Ukrajiny 0
2. Parašutista Nicolas Scarabrin... oko jehly 1
3. Která moderátorka oznámila, že... Lucie Výborná 1
4. Která značka představila minul... Jawa 1
5. Mistry republiky 2026 se o vík... A 0
6. Na obrázku níže můžete vidět d... Drákula a Frankenstein 1
7. Co by to bylo za hororové téma... C 0
8. Ze které (převážně videoherní)... Resident Evil 1
9. Přiřaďte herce a herečky k jej... 1C 2A 3D 4B 1
10. Čím je inspirován česko-americ... D 1